[Event "III Mikolajowy Turniej Szachowy <br> Gru"]
[Site "MOKiS Myslenice"]
[Date "2012.??.??"]
[Round "9.1"]
[White "Mucha, Roman"]
[Black "Krasinski, Mateusz"]
[Result "1-0"]
[WhiteElo "2177"]
[BlackElo "1638"]
[PlyCount "29"]
[EventDate "2012.??.??"]

1. b3 e5 2. Bb2 Nc6 3. e3 d5 4. Bb5 e4 5. f3 Nf6 6. Bxf6 Qxf6 7. Nc3 Be6 8.
fxe4 dxe4 9. Nge2 Qh4+ 10. g3 Qg5 11. Nf4 Bg4 12. Be2 Bxe2 13. Qxe2 f5 14. Qb5
Rb8 15. Nxe4 1-0

[Event "III Mikolajowy Turniej Szachowy <br> Gru"]
[Site "MOKiS Myslenice"]
[Date "2012.??.??"]
[Round "9.2"]
[White "Solek, Zenon"]
[Black "Adamczyk, Pawel"]
[Result "0-1"]
[WhiteElo "1896"]
[BlackElo "1528"]
[PlyCount "68"]
[EventDate "2012.??.??"]

1. e4 c5 2. Nc3 e6 3. g3 Nc6 4. Bg2 g6 5. d3 Bg7 6. Nge2 Nge7 7. O-O O-O 8. Be3
d6 9. d4 cxd4 10. Nxd4 a6 11. Qd2 Nxd4 12. Bxd4 Bxd4 13. Qxd4 Qc7 14. Rad1 Rd8
15. Rd2 b5 16. Rfd1 Bb7 17. Qf6 Nc6 18. f4 Na5 19. b3 Rac8 20. Ne2 Nc6 21. c3
b4 22. c4 Ne7 23. h4 d5 24. cxd5 exd5 25. exd5 Nxd5 26. Qd4 Nc3 27. Qxd8+ Rxd8
28. Rxd8+ Kg7 29. Nxc3 bxc3 30. R8d3 Qc5+ 31. Kf1 Bxg2+ 32. Kxg2 Qa3 33. R1d2
cxd2 34. Rxd2 Kh6 0-1

[Event "III Mikolajowy Turniej Szachowy <br> Gru"]
[Site "MOKiS Myslenice"]
[Date "2012.??.??"]
[Round "9.3"]
[White "Wilk, Maciej"]
[Black "Bandyk, Sebastian"]
[Result "1/2-1/2"]
[WhiteElo "1646"]
[BlackElo "1454"]
[PlyCount "73"]
[EventDate "2012.??.??"]

1. g3 d5 2. Bg2 Nf6 3. d3 Bf5 4. b3 g6 5. Bb2 Bg7 6. Nd2 O-O 7. Ngf3 c6 8. O-O
Nbd7 9. c4 dxc4 10. Nxc4 Nb6 11. Rc1 Nxc4 12. Rxc4 Be6 13. Rc1 Qa5 14. Qc2 Rac8
15. Bc3 Qc7 16. Nd4 Qd7 17. Nxe6 Qxe6 18. Rce1 Nd5 19. Bd2 Rfd8 20. e4 Nc7 21.
f4 Nb5 22. f5 Qd6 23. fxg6 hxg6 24. Qc4 Qd4+ 25. Qxd4 Nxd4 26. Bh3 e6 27. Bg5
Rd7 28. Bf6 Nc2 29. Re2 Nb4 30. d4 Bxf6 31. Rxf6 Rxd4 32. Rxg6+ Kh7 33. Rf6 Kg7
34. Ref2 Rc7 35. R6f4 Rd1+ 36. Rf1 Rxf1+ 37. Rxf1 1/2-1/2

[Event "III Mikolajowy Turniej Szachowy <br> Gru"]
[Site "MOKiS Myslenice"]
[Date "2012.??.??"]
[Round "9.4"]
[White "Suder, Jakub"]
[Black "Chmiel, Marcin"]
[Result "0-1"]
[WhiteElo "1494"]
[BlackElo "1982"]
[PlyCount "46"]
[EventDate "2012.??.??"]

1. d4 Nf6 2. c4 c5 3. Nf3 cxd4 4. Nxd4 Nc6 5. Nc3 g6 6. e4 d6 7. Be3 Ng4 8.
Nxc6 bxc6 9. Bd4 e5 10. Be3 Nxe3 11. fxe3 Bh6 12. Qf3 Qb6 13. Qf6 Qxe3+ 14. Be2
O-O 15. Qxd6 Bg4 16. Rd1 Bxe2 17. Nxe2 Qxe4 18. O-O Qxe2 19. Qxc6 Qxb2 20. Rd7
Qb6+ 21. Qxb6 axb6 22. Rb7 Rxa2 23. Rxb6 Be3+ 0-1

[Event "III Mikolajowy Turniej Szachowy <br> Gru"]
[Site "MOKiS Myslenice"]
[Date "2012.??.??"]
[Round "9.6"]
[White "Mrozinski, Michal"]
[Black "Krzymionka, Karol"]
[Result "1-0"]
[WhiteElo "1397"]
[BlackElo "1629"]
[PlyCount "89"]
[EventDate "2012.??.??"]

1. e4 Nf6 2. e5 Nd5 3. c4 Nb6 4. d4 d6 5. f4 dxe5 6. fxe5 c5 7. d5 e6 8. Nc3
exd5 9. cxd5 c4 10. Nf3 Bg4 11. Be2 Bb4 12. d6 O-O 13. O-O Nc6 14. Bf4 Re8 15.
Re1 Qd7 16. Qd2 Rab8 17. h3 Bh5 18. g4 Bg6 19. a3 Bxc3 20. bxc3 h5 21. Nh4 Nxe5
22. Bxe5 Rxe5 23. Nxg6 fxg6 24. Qd4 Rbe8 25. Bxc4+ Nxc4 26. Qxc4+ Kh7 27. Rxe5
Rxe5 28. Rd1 Re8 29. Qc7 Rd8 30. Kf2 hxg4 31. hxg4 Rf8+ 32. Kg3 Qe6 33. Qe7
Qxe7 34. dxe7 Re8 35. Rd7 g5 36. Rxb7 Kg6 37. Rxa7 Kf7 38. Kf3 Rc8 39. Ke4 Rxc3
40. Kd5 Rd3+ 41. Kc6 Rc3+ 42. Kd7 Rd3+ 43. Kc7 Rc3+ 44. Kd8 Rd3+ 45. Rd7 1-0

[Event "III Mikolajowy Turniej Szachowy <br> Gru"]
[Site "MOKiS Myslenice"]
[Date "2012.??.??"]
[Round "9.8"]
[White "Mis, Mieszko"]
[Black "Madej, Roman"]
[Result "0-1"]
[WhiteElo "1412"]
[BlackElo "1609"]
[PlyCount "72"]
[EventDate "2012.??.??"]

1. e4 c5 2. Nf3 d6 3. d4 cxd4 4. Nxd4 Nf6 5. Nc3 a6 6. Bg5 e6 7. f4 Be7 8. Qf3
Nbd7 9. O-O-O Qc7 10. f5 Ne5 11. Qe3 O-O 12. h3 b5 13. g4 b4 14. Nce2 Nc4 15.
Qb3 Bb7 16. fxe6 Bxe4 17. exf7+ Rxf7 18. Ng3 Na5 19. Qe3 Bxh1 20. Nxh1 Nd5 21.
Qd2 Rxf1 22. Rxf1 Nc4 23. Ne6 Nxd2 24. Nxc7 Bxg5 25. Nxa8 Nxf1+ 26. Kd1 Kf8 27.
Nf2 Ke8 28. Ne4 Nfe3+ 29. Ke2 Be7 30. Nc7+ Nxc7 31. Kxe3 d5 32. Ng3 Bf6 33. b3
Nb5 34. Ne2 Nc3 35. Ng3 Nxa2 36. Nf5 Kd7 0-1

[Event "III Mikolajowy Turniej Szachowy <br> Gru"]
[Site "MOKiS Myslenice"]
[Date "2012.??.??"]
[Round "9.9"]
[White "Szczurek, Krzysztof"]
[Black "Bandyk, Wladyslaw"]
[Result "1/2-1/2"]
[WhiteElo "1590"]
[BlackElo "1631"]
[PlyCount "68"]
[EventDate "2012.??.??"]

1. d4 d5 2. c4 dxc4 3. e3 Bf5 4. Bxc4 e6 5. Nc3 Nf6 6. Nf3 h6 7. h3 a6 8. O-O
Nbd7 9. Re1 Ne4 10. Bd3 Ndf6 11. Qc2 Nxc3 12. Bxf5 Nxa2 13. Rxa2 exf5 14. Qxf5
Qd5 15. Qxd5 Nxd5 16. Bd2 Nb4 17. Bxb4 Bxb4 18. Rc1 c6 19. Rc4 Bd6 20. Ra1 a5
21. Rca4 b6 22. b4 Bc7 23. bxa5 Rxa5 24. Rxa5 bxa5 25. Ne5 c5 26. Nc4 cxd4 27.
exd4 Kd7 28. Nxa5 Ra8 29. Nb3 Rxa1+ 30. Nxa1 Kd6 31. Kf1 Kd5 32. Nc2 Bb6 33.
Ke2 Bxd4 34. Nxd4 Kxd4 1/2-1/2

[Event "III Mikolajowy Turniej Szachowy <br> Gru"]
[Site "MOKiS Myslenice"]
[Date "2012.??.??"]
[Round "1.1"]
[White "Wilk, Maciej"]
[Black "Platek, Adam"]
[Result "1-0"]
[WhiteElo "1661"]
[BlackElo "1700"]
[PlyCount "51"]
[EventDate "2012.??.??"]

1. e4 c5 2. Nf3 Nc6 3. d4 cxd4 4. Nxd4 Nf6 5. Nc3 e5 6. Ndb5 d6 7. a4 a6 8. Na3
Be6 9. Bg5 Be7 10. Bxf6 Bxf6 11. Bc4 Qd7 12. Nd5 Bxd5 13. Bxd5 Bd8 14. Nc4 Bc7
15. Ne3 O-O 16. Nf5 Ne7 17. Nxe7+ Qxe7 18. O-O Bb6 19. a5 Ba7 20. Qd3 Rac8 21.
Rad1 Qc7 22. Bb3 Qxa5 23. Qxd6 Rc6 24. Qe7 Rc7 25. Bxf7+ Rxf7 26. Rd8+ 1-0

[Event "III Mikolajowy Turniej Szachowy <br> Gru"]
[Site "MOKiS Myslenice"]
[Date "2012.??.??"]
[Round "1.2"]
[White "Mucha, Rom"]
[Black "Szczurek, Krzysztof"]
[Result "1-0"]
[WhiteElo "2177"]
[BlackElo "1590"]
[PlyCount "81"]
[EventDate "2012.??.??"]

1. d4 Nf6 2. c4 g6 3. Nc3 Bg7 4. e4 d6 5. Be2 O-O 6. Bg5 Nbd7 7. Qd2 e5 8. d5
a5 9. f3 Nc5 10. g4 h6 11. Be3 b6 12. O-O-O Kh7 13. h4 Ng8 14. Nh3 a4 15. Kb1
a3 16. b3 Bd7 17. Rdg1 Ne7 18. Ka1 Nc8 19. Nf2 Na7 20. b4 Na6 21. Rb1 Nc8 22.
Rb3 Nb8 23. h5 g5 24. Qc1 Na6 25. Nd3 Ne7 26. Rxa3 Qb8 27. Qb2 Qb7 28. Rb1 Rfb8
29. Qc1 Bf6 30. c5 Qc8 31. c6 Be8 32. Ne1 Bg7 33. Ra4 f6 34. Qa3 f5 35. Rxa6
Rxa6 36. Qxa6 f4 37. Qxc8 Rxc8 38. Bf2 Rd8 39. Kb2 Nc8 40. Nb5 Bf7 41. Nxc7 1-0

[Event "III Mikolajowy Turniej Szachowy <br> Gru"]
[Site "MOKiS Myslenice"]
[Date "2012.??.??"]
[Round "1.3"]
[White "Adamczyk, Pawel"]
[Black "Chmiel, Marcin"]
[Result "0-1"]
[WhiteElo "1507"]
[BlackElo "1982"]
[PlyCount "114"]
[EventDate "2012.??.??"]

1. e4 c5 2. Nf3 Nc6 3. d4 cxd4 4. Nxd4 g6 5. c4 Nf6 6. Nc3 d6 7. Be2 Nxd4 8.
Qxd4 Bg7 9. Be3 O-O 10. Qd2 a5 11. a4 Be6 12. Rc1 Rc8 13. b3 Nd7 14. O-O Nc5
15. Bxc5 Rxc5 16. Nd5 Bxd5 17. exd5 Bf6 18. Bd3 Qb6 19. Rb1 Rc7 20. b4 axb4 21.
Qxb4 Qa7 22. Qb6 Qxb6 23. Rxb6 Bd4 24. Rb5 Ra8 25. a5 Bc3 26. Rfb1 Ra7 27. Kf1
Bxa5 28. Ke2 e5 29. R1b3 f5 30. f3 b6 31. Ke3 Kg7 32. Be2 Re7 33. Bf1 e4 34. f4
h6 35. h4 Kf6 36. Ke2 Rg7 37. Rg3 g5 38. hxg5+ hxg5 39. Rxg5 Rxg5 40. fxg5+
Kxg5 41. Ke3 Re7 42. Rb3 f4+ 43. Kf2 Bd2 44. Ke2 Be3 45. g3 Rh7 46. gxf4+ Kxf4
47. Ke1 Rh2 48. Kd1 Rd2+ 49. Ke1 Ra2 50. Be2 Bc5 51. Bd1 Ke5 52. Rb1 Kd4 53.
Be2 Rxe2+ 54. Kxe2 Kxc4 55. Rd1 b5 56. Rb1 b4 57. Kd2 Kxd5 0-1

[Event "III Mikolajowy Turniej Szachowy <br> Gru"]
[Site "MOKiS Myslenice"]
[Date "2012.??.??"]
[Round "1.4"]
[White "Solek, Zenon"]
[Black "Suder, Jakub"]
[Result "1-0"]
[WhiteElo "1896"]
[BlackElo "1494"]
[PlyCount "51"]
[EventDate "2012.??.??"]

1. e4 c5 2. Nf3 e6 3. c4 Nc6 4. d4 cxd4 5. Nxd4 a6 6. Be2 Bc5 7. Nb3 Be7 8. O-O
Nf6 9. Nc3 Qc7 10. Be3 h5 11. f4 d6 12. Rc1 Bd7 13. Bf3 Rd8 14. Qe2 Kf8 15. Qf2
Ng4 16. Bxg4 hxg4 17. Bb6 Qc8 18. Bxd8 Bxd8 19. Rcd1 Bc7 20. c5 Qd8 21. Kh1 Qe7
22. cxd6 Bxd6 23. e5 Bb8 24. Qg3 Rh4 25. Rxd7 Rxh2+ 26. Kxh2 1-0

[Event "III Mikolajowy Turniej Szachowy <br> Gru"]
[Site "MOKiS Myslenice"]
[Date "2012.??.??"]
[Round "1.5"]
[White "Bandyk, Sebastian"]
[Black "Burek, Marcin"]
[Result "1-0"]
[WhiteElo "1454"]
[BlackElo "1734"]
[PlyCount "61"]
[EventDate "2012.??.??"]

1. e4 c6 2. c4 d5 3. exd5 Nf6 4. d4 cxd5 5. cxd5 Nxd5 6. Bc4 e6 7. Nf3 Bb4+ 8.
Bd2 O-O 9. Nc3 Nc6 10. O-O Na5 11. Bd3 h6 12. Nxd5 Bxd2 13. Qxd2 exd5 14. Rac1
Nc6 15. Rfe1 Be6 16. Bb5 Ne7 17. Ne5 Nf5 18. g4 Nd6 19. Bd3 Qh4 20. Qe2 Rac8
21. Ng6 Qxg4+ 22. Qxg4 Bxg4 23. Ne7+ Kh8 24. Nxc8 Bxc8 25. Re7 Be6 26. Rcc7 Nc8
27. Rxb7 Nxe7 28. Rxe7 g6 29. Rxa7 Rc8 30. Ra3 Rc1+ 31. Kg2 1-0

[Event "III Mikolajowy Turniej Szachowy <br> Gru"]
[Site "MOKiS Myslenice"]
[Date "2012.??.??"]
[Round "1.6"]
[White "Krasinski, Mateusz"]
[Black "Mis, Mieszko"]
[Result "1/2-1/2"]
[WhiteElo "1638"]
[BlackElo "1412"]
[PlyCount "80"]
[EventDate "2012.??.??"]

1. d4 Nf6 2. c4 g6 3. Nc3 Bg7 4. e4 d6 5. Nf3 O-O 6. Bf4 Nc6 7. Be2 Nd7 8. O-O
e5 9. Be3 b6 10. d5 Ne7 11. b4 f5 12. Ng5 Nf6 13. f3 h6 14. Ne6 Bxe6 15. dxe6
f4 16. Bf2 g5 17. c5 d5 18. exd5 Nfxd5 19. Nxd5 Qxd5 20. Qxd5 Nxd5 21. Bc4 c6
22. Rad1 Rfe8 23. e7 Kh7 24. Bxd5 cxd5 25. Rxd5 Rxe7 26. c6 e4 27. fxe4 Rxe4
28. c7 Rc8 29. Rc1 Re7 30. h3 Rexc7 31. Rcd1 Rc1 32. a3 R8c2 33. Rxc1 Rxc1+ 34.
Kh2 Rc2 35. Kg1 Ra2 36. Rd7 Kg6 37. Rxa7 Ra1+ 38. Kh2 Ra2 39. Kg1 Ra1+ 40. Kh2
Ra2 1/2-1/2

[Event "III Mikolajowy Turniej Szachowy <br> Gru"]
[Site "MOKiS Myslenice"]
[Date "2012.??.??"]
[Round "1.7"]
[White "Mrozinski, Michal"]
[Black "Bandyk, Wladyslaw"]
[Result "1-0"]
[WhiteElo "1397"]
[BlackElo "1631"]
[PlyCount "69"]
[EventDate "2012.??.??"]

1. e4 c5 2. Nf3 e6 3. d4 cxd4 4. Nxd4 Nc6 5. Nb5 d6 6. N1c3 a6 7. Na3 Be7 8.
Bf4 b5 9. Ne2 e5 10. Be3 Bb7 11. Ng3 g6 12. Qd2 Qc7 13. O-O-O Nf6 14. f3 O-O
15. Bh6 Rfd8 16. h4 d5 17. Bd3 d4 18. h5 Bxa3 19. bxa3 Qa5 20. Qxa5 Nxa5 21.
Bg5 Rd6 22. Rh4 Nxh5 23. Nxh5 gxh5 24. Rdh1 f6 25. Bd2 Nc4 26. Rxh5 Rd7 27.
R1h3 Rg7 28. g4 Re8 29. Bh6 Rf7 30. g5 Bc8 31. Rg3 Kh8 32. gxf6 Re6 33. Rhg5
Re8 34. Bg7+ Kg8 35. Bf8+ 1-0

[Event "III Mikolajowy Turniej Szachowy <br> Gru"]
[Site "MOKiS Myslenice"]
[Date "2012.??.??"]
[Round "2.1"]
[White "Madej, Roman"]
[Black "Mucha, Roman"]
[Result "0-1"]
[WhiteElo "1609"]
[BlackElo "2177"]
[PlyCount "74"]
[EventDate "2012.??.??"]

1. d4 g6 2. c4 Bg7 3. Nc3 c5 4. Nf3 Nf6 5. e4 cxd4 6. Nxd4 d6 7. Be2 Nc6 8. Be3
O-O 9. O-O Nd7 10. a3 a6 11. b4 a5 12. Rb1 axb4 13. axb4 Nde5 14. Ndb5 Be6 15.
Nd5 Bxd5 16. exd5 Nb8 17. f4 Ned7 18. Re1 Nf6 19. Bd4 Na6 20. Bf3 Ne8 21. Qe2
Bxd4+ 22. Nxd4 Qb6 23. Qd2 Ng7 24. b5 Nc7 25. Rxe7 Nf5 26. Re4 Rae8 27. Rxe8
Rxe8 28. Rd1 Qc5 29. h3 Ne3 30. Re1 Nxc4 31. Rxe8+ Nxe8 32. Qc3 Nc7 33. Kh2
Nxd5 34. Bxd5 Qxd5 35. Qa1 Qe4 36. Kg3 Ne3 37. Qb2 Qxd4 0-1

[Event "III Mikolajowy Turniej Szachowy <br> Gru"]
[Site "MOKiS Myslenice"]
[Date "2012.??.??"]
[Round "2.2"]
[White "Chmiel, Marcin"]
[Black "Bandyk, Sebastian"]
[Result "0-1"]
[WhiteElo "1982"]
[BlackElo "1454"]
[PlyCount "108"]
[EventDate "2012.??.??"]

1. Nf3 d5 2. d4 Nf6 3. g3 Bf5 4. Bg2 e6 5. c4 c6 6. Qb3 Qb6 7. c5 Qxb3 8. axb3
Nbd7 9. Nc3 Be7 10. O-O O-O 11. Bf4 Rfc8 12. Ra3 Nh5 13. Be3 Nhf6 14. Nh4 Be4
15. f3 Bg6 16. Nxg6 hxg6 17. Rfa1 a6 18. Bh3 Bd8 19. Bf4 Bc7 20. Bxc7 Rxc7 21.
e4 dxe4 22. fxe4 e5 23. dxe5 Nxe5 24. Rd1 Kf8 25. Ra4 Ke7 26. Rb4 Rh8 27. Bg2
Rd8 28. Rxd8 Kxd8 29. Bh3 Re7 30. Na4 Kc7 31. Kg2 g5 32. Kg1 a5 33. Rb6 Nd3 34.
b4 axb4 35. Bf1 Nxc5 36. Rxb4 Rxe4 37. Rxe4 Nfxe4 38. Nxc5 Nxc5 39. Bc4 f6 40.
Kf2 b5 41. Bf1 Na4 42. b4 Nc3 43. Ke3 Nd5+ 44. Ke4 Nxb4 45. Kf5 Kd6 46. h4 gxh4
47. gxh4 Ke7 48. Kg6 Kf8 49. h5 Nd5 50. h6 gxh6 51. Kxh6 Kf7 52. Kh5 Ke6 53.
Kg6 Nc3 54. Bd3 c5 0-1

[Event "III Mikolajowy Turniej Szachowy <br> Gru"]
[Site "MOKiS Myslenice"]
[Date "2012.??.??"]
[Round "2.3"]
[White "Mrozinski, Michal"]
[Black "Solek, Zenon"]
[Result "0-1"]
[WhiteElo "1397"]
[BlackElo "1896"]
[PlyCount "102"]
[EventDate "2012.??.??"]

1. e4 c5 2. Nf3 e6 3. d4 cxd4 4. Nxd4 a6 5. Bd3 Nf6 6. c3 Qc7 7. Nd2 d5 8. exd5
Nxd5 9. N2f3 Nd7 10. O-O Bd6 11. Qe2 Ne5 12. Re1 Nxd3 13. Qxd3 O-O 14. Be3 Nf4
15. Bxf4 Bxf4 16. Rad1 b6 17. Qe2 Bb7 18. g3 Bd6 19. Rd3 g6 20. Ng5 Rfe8 21.
Ne4 Be7 22. Nb3 Bd5 23. Qd2 Rad8 24. h4 Kg7 25. Qe3 Bc4 26. Rd4 e5 27. Rdd1 f6
28. Ned2 Be6 29. Qe2 b5 30. Ne4 Rd5 31. Rxd5 Bxd5 32. Rd1 Rd8 33. f3 Qc6 34.
Rd2 a5 35. Qd1 a4 36. Nc1 Qb6+ 37. Kg2 Bxe4 38. fxe4 Rxd2+ 39. Qxd2 Qc6 40. Qd5
Qxd5 41. exd5 Kf7 42. Kf3 Ke8 43. b3 Kd7 44. c4 Ba3 45. Nd3 Kd6 46. cxb5 Kxd5
47. b4 e4+ 48. Ke3 exd3 49. b6 Bxb4 50. b7 Bd6 51. Kxd3 Kc6 0-1

[Event "III Mikolajowy Turniej Szachowy <br> Gru"]
[Site "MOKiS Myslenice"]
[Date "2012.??.??"]
[Round "2.5"]
[White "Burek, Marcin"]
[Black "Krasinski, Mateusz"]
[Result "1-0"]
[WhiteElo "1734"]
[BlackElo "1638"]
[PlyCount "97"]
[EventDate "2012.??.??"]

1. e4 c5 2. c3 Nf6 3. e5 Nd5 4. d4 cxd4 5. Qxd4 e6 6. Bc4 Nc6 7. Qe4 Nb6 8. Bb3
d5 9. exd6 Bxd6 10. Nf3 Qc7 11. O-O Bd7 12. h3 Ne7 13. Rd1 Bc6 14. Qd3 Rd8 15.
Qe2 O-O 16. Ng5 Ned5 17. a4 Rfe8 18. a5 Nd7 19. c4 Nf4 20. Bxf4 Bxf4 21. Nf3
Nc5 22. Bc2 Rxd1+ 23. Bxd1 Ne4 24. Nd4 Rd8 25. Nxc6 Qxc6 26. Ba4 Qd6 27. Na3
Nc5 28. Rd1 Qe7 29. Bc2 Rxd1+ 30. Qxd1 a6 31. b4 Nd7 32. c5 g6 33. Nc4 Ne5 34.
Nb6 Nc6 35. Ba4 Nxb4 36. Qd4 Nd5 37. Nxd5 exd5 38. Qxf4 Qxc5 39. Qd2 d4 40. Bb3
Qa3 41. Qd3 Qc1+ 42. Kh2 Qc7+ 43. g3 Qxa5 44. Qxd4 b5 45. Qd5 Qc7 46. Qa8+ Kg7
47. Qxa6 Qc5 48. Qa2 f6 49. Qc2 1-0

[Event "III Mikolajowy Turniej Szachowy <br> Gru"]
[Site "MOKiS Myslenice"]
[Date "2012.??.??"]
[Round "2.6"]
[White "Mis, Mieszko"]
[Black "Platek, Adam"]
[Result "0-1"]
[WhiteElo "1412"]
[BlackElo "1700"]
[PlyCount "62"]
[EventDate "2012.??.??"]

1. e4 c5 2. Nf3 Nc6 3. d4 cxd4 4. Nxd4 Nf6 5. Nc3 e5 6. Ndb5 d6 7. Bg5 a6 8.
Na3 b5 9. Nd5 Be7 10. Nxe7 Qxe7 11. c3 O-O 12. Qd2 Re8 13. f3 Be6 14. Bd3 Rad8
15. O-O h6 16. Bxf6 Qxf6 17. f4 exf4 18. Rxf4 Qg5 19. Raf1 Ne5 20. Qe2 Bg4 21.
Qe3 Ng6 22. R4f3 Bxf3 23. Qxf3 Ne5 24. Qe2 Nxd3 25. Qxd3 Qe5 26. Qd5 Qxd5 27.
exd5 Re5 28. Rd1 Re2 29. c4 Rxb2 30. cxb5 axb5 31. Rc1 Ra8 0-1

[Event "III Mikolajowy Turniej Szachowy <br> Gru"]
[Site "MOKiS Myslenice"]
[Date "2012.??.??"]
[Round "2.7"]
[White "Suder, Jakub"]
[Black "Krzymionka, Karol"]
[Result "1-0"]
[WhiteElo "1494"]
[BlackElo "1629"]
[PlyCount "36"]
[EventDate "2012.??.??"]

1. e4 Nf6 2. e5 Nd5 3. d4 d6 4. exd6 cxd6 5. Bd3 g6 6. Nf3 Bg7 7. c3 O-O 8.
Nbd2 Nc6 9. Nc4 b5 10. Ne3 Nxe3 11. Bxe3 Rb8 12. Qd2 Re8 13. h4 e5 14. dxe5
dxe5 15. Be4 Qc7 16. O-O-O b4 17. h5 Be6 18. hxg6 fxg6 1-0

[Event "III Mikolajowy Turniej Szachowy <br> Gru"]
[Site "MOKiS Myslenice"]
[Date "2012.??.??"]
[Round "2.8"]
[White "Bandyk, Wladyslaw"]
[Black "Adamczyk, Pawel"]
[Result "0-1"]
[WhiteElo "1631"]
[BlackElo "1528"]
[PlyCount "64"]
[EventDate "2012.??.??"]

1. e4 c5 2. Nf3 e6 3. d4 cxd4 4. Nxd4 a6 5. Nc3 Qc7 6. a3 b5 7. g3 Bb7 8. Bg2
d6 9. O-O Nd7 10. Bg5 h6 11. Nxe6 Qc8 12. Nxf8 hxg5 13. Nxd7 Qxd7 14. Re1 Ne7
15. Qd4 O-O-O 16. a4 Nc6 17. Qb6 b4 18. Nd5 a5 19. Qe3 Kb8 20. Rad1 Qg4 21. Qf3
Qe6 22. b3 Ne5 23. Qf5 Qh6 24. f4 Bc8 25. Qxg5 Qxh2+ 26. Kf1 Nf3 27. Kf2 Nxg5
28. Rh1 Nh3+ 29. Kf3 Bg4+ 30. Kxg4 Qxg2 31. Rhg1 Qe2+ 32. Kf5 Qh5# 0-1

[Event "III Mikolajowy Turniej Szachowy <br> Gru"]
[Site "MOKiS Myslenice"]
[Date "2012.??.??"]
[Round "3.1"]
[White "Mucha, Roman"]
[Black "Wilk, Maciej"]
[Result "1-0"]
[WhiteElo "2177"]
[BlackElo "1646"]
[PlyCount "35"]
[EventDate "2012.??.??"]

1. b3 b6 2. Bb2 Bb7 3. Nf3 Nf6 4. g3 d6 5. Bg2 g6 6. Bxf6 exf6 7. O-O Nd7 8. d4
f5 9. e3 Bg7 10. c4 d5 11. cxd5 Bxd5 12. Nc3 Nf6 13. Nxd5 Nxd5 14. Ne5 Nc3 15.
Qc2 Ne4 16. Qc6+ Kf8 17. Bxe4 Bxe5 18. Qxa8 1-0

[Event "III Mikolajowy Turniej Szachowy <br> Gru"]
[Site "MOKiS Myslenice"]
[Date "2012.??.??"]
[Round "3.2"]
[White "Solek, Zenon"]
[Black "Bandyk, Sebastian"]
[Result "1-0"]
[WhiteElo "1896"]
[BlackElo "1454"]
[PlyCount "27"]
[EventDate "2012.??.??"]

1. e4 c5 2. Nf3 e6 3. c4 Nc6 4. d4 cxd4 5. Nxd4 Nf6 6. Nc3 Bb4 7. Qd3 Ne5 8.
Qg3 Nxe4 9. Qxe5 Nxc3 10. Bd2 f6 11. Qh5+ g6 12. Qf3 e5 13. bxc3 Bc5 14. Nb3
1-0

[Event "III Mikolajowy Turniej Szachowy <br> Gru"]
[Site "MOKiS Myslenice"]
[Date "2012.??.??"]
[Round "3.3"]
[White "Szczurek, Krzysztof"]
[Black "Chmiel, Marcin"]
[Result "1-0"]
[WhiteElo "1590"]
[BlackElo "1982"]
[PlyCount "79"]
[EventDate "2012.??.??"]

1. d4 Nf6 2. c4 d6 3. Nc3 Nbd7 4. e4 e5 5. Nf3 g6 6. Be2 Bg7 7. Bg5 O-O 8. Qd2
c6 9. O-O-O exd4 10. Nxd4 Nc5 11. f3 a5 12. h4 a4 13. Bh6 Bxh6 14. Qxh6 Qa5 15.
Kc2 Bd7 16. h5 Rab8 17. hxg6 fxg6 18. g4 Rf7 19. g5 Nh5 20. Rdg1 Rg7 21. Rh4
Ne6 22. Nxe6 Bxe6 23. Rxh5 b5 24. Rh2 b4 25. Nd1 b3+ 26. axb3 Rxb3 27. f4 a3
28. Kxb3 Rb7+ 29. Kc2 a2 30. Nc3 a1=Q 31. Rxa1 Qxa1 32. Nd1 Qa4+ 33. Kd2 Bxc4
34. Bxc4+ Qxc4 35. Re2 Rb3 36. Ke1 Rd3 37. Nc3 Qd4 38. Qh2 Qc5 39. Qg2 Qa7 40.
Qg4 1-0

[Event "III Mikolajowy Turniej Szachowy <br> Gru"]
[Site "MOKiS Myslenice"]
[Date "2012.??.??"]
[Round "3.4"]
[White "Adamczyk, Pawel"]
[Black "Burek, Marcin"]
[Result "1/2-1/2"]
[WhiteElo "1528"]
[BlackElo "1734"]
[PlyCount "67"]
[EventDate "2012.??.??"]

1. e4 c6 2. c4 d5 3. exd5 Nf6 4. d4 cxd5 5. Nc3 Nc6 6. Nf3 Bg4 7. Be3 e6 8. Be2
Be7 9. O-O O-O 10. cxd5 exd5 11. h3 Bf5 12. Bd3 Bxd3 13. Qxd3 Nb4 14. Qd2 Rc8
15. a3 Nc6 16. Rfe1 Na5 17. Qc2 Nc4 18. Nd2 Nxe3 19. Rxe3 Bd6 20. Qd3 a6 21.
Rae1 Qd7 22. Nf3 Rfe8 23. Rxe8+ Rxe8 24. Rxe8+ Qxe8 25. Qf5 Qc6 26. Ne5 Qc7 27.
g4 h6 28. h4 Bxa3 29. bxa3 Qxc3 30. g5 hxg5 31. hxg5 Qc1+ 32. Kg2 Ne4 33. Qxf7+
Kh7 34. Qg6+ 1/2-1/2

[Event "III Mikolajowy Turniej Szachowy <br> Gru"]
[Site "MOKiS Myslenice"]
[Date "2012.??.??"]
[Round "3.5"]
[White "Platek, Adam"]
[Black "Suder, Jakub"]
[Result "0-1"]
[WhiteElo "1700"]
[BlackElo "1494"]
[PlyCount "74"]
[EventDate "2012.??.??"]

1. d4 Nf6 2. Nf3 d5 3. c4 e6 4. a3 Nbd7 5. cxd5 exd5 6. Bg5 Be7 7. Nc3 c6 8. e3
O-O 9. Bd3 Re8 10. O-O h6 11. Bh4 Ne4 12. Bxe7 Qxe7 13. Bxe4 dxe4 14. Nd2 Nf6
15. Qc2 Bf5 16. f3 Bg6 17. fxe4 Nxe4 18. Ndxe4 Bxe4 19. Nxe4 Qxe4 20. Qxe4 Rxe4
21. Kf2 Rae8 22. Rfe1 g5 23. Rac1 R8e6 24. Rc5 Kg7 25. Rf5 Kg6 26. Rc5 b6 27.
Rc3 f5 28. Rec1 f4 29. Rxc6 fxe3+ 30. Ke2 Kf5 31. d5 Rf6 32. Rxf6+ Kxf6 33.
Rc6+ Ke5 34. d6 Ke6 35. d7+ Kxd7 36. Rxh6 Kc7 37. g3 Re7 0-1

[Event "III Mikolajowy Turniej Szachowy <br> Gru"]
[Site "MOKiS Myslenice"]
[Date "2012.??.??"]
[Round "3.6"]
[White "Madej, Roman"]
[Black "Mrozinski, Michal"]
[Result "1-0"]
[WhiteElo "1609"]
[BlackElo "1397"]
[PlyCount "75"]
[EventDate "2012.??.??"]

1. d4 Nf6 2. c4 g6 3. Nc3 Bg7 4. e4 d6 5. Nf3 O-O 6. Be2 e5 7. d5 Nh5 8. Bg5 f6
9. Bd2 f5 10. b4 Nf4 11. O-O Kh8 12. Rc1 g5 13. Bxf4 gxf4 14. c5 Rg8 15. Bd3
fxe4 16. Bxe4 Bh6 17. cxd6 cxd6 18. Kh1 Qe7 19. Nb5 Qg7 20. Rg1 Na6 21. Nxd6
Bg4 22. b5 Nb8 23. Nxe5 Bxd1 24. Ndf7+ Qxf7 25. Nxf7+ Kg7 26. Nxh6 Kxh6 27.
Rgxd1 Nd7 28. d6 Rg7 29. Bxb7 Rag8 30. Rc7 Re8 31. Bc6 Re2 32. Rxd7 Rg8 33. Re7
Rxf2 34. d7 Rd8 35. Rd6+ Kg5 36. Re5+ Kg4 37. Bf3+ Kh4 38. Rh6# 1-0

[Event "III Mikolajowy Turniej Szachowy <br> Gru"]
[Site "MOKiS Myslenice"]
[Date "2012.??.??"]
[Round "3.8"]
[White "Krzymionka, Karol"]
[Black "Mis, Mieszko"]
[Result "1-0"]
[WhiteElo "1629"]
[BlackElo "1412"]
[PlyCount "37"]
[EventDate "2012.??.??"]

1. e4 e6 2. d4 d5 3. e5 c5 4. c3 Qb6 5. Nf3 Bd7 6. a3 Bb5 7. Bxb5+ Qxb5 8. Qe2
Qxe2+ 9. Kxe2 Nc6 10. b4 cxd4 11. cxd4 Nge7 12. Bb2 Rc8 13. Rc1 Ng6 14. h4 h5
15. Nbd2 b5 16. Nb3 Nce7 17. Rxc8+ Nxc8 18. Rc1 Kd7 19. g3 1-0

[Event "III Mikolajowy Turniej Szachowy <br> Gru"]
[Site "MOKiS Myslenice"]
[Date "2012.??.??"]
[Round "4.1"]
[White "Solek, Zenon"]
[Black "Mucha, Roman"]
[Result "0-1"]
[WhiteElo "1896"]
[BlackElo "2177"]
[PlyCount "29"]
[EventDate "2012.??.??"]

1. d4 g6 2. c4 Bg7 3. Nc3 c5 4. d5 Bxc3+ 5. bxc3 f5 6. g3 Qa5 7. Qb3 Nf6 8. Bg5
d6 9. Qb5+ Qxb5 10. cxb5 Bd7 11. Bg2 a6 12. bxa6 Rxa6 13. Nh3 Ne4 14. Bxe4 fxe4
15. Nf4 0-1

[Event "III Mikolajowy Turniej Szachowy <br> Gru"]
[Site "MOKiS Myslenice"]
[Date "2012.??.??"]
[Round "4.2"]
[White "Wilk, Maciej"]
[Black "Szczurek, Krzysztof"]
[Result "1-0"]
[WhiteElo "1646"]
[BlackElo "1590"]
[PlyCount "87"]
[EventDate "2012.??.??"]

1. g3 d5 2. Bg2 Nf6 3. d3 c5 4. b3 Nc6 5. e3 e5 6. Nd2 Be6 7. Bb2 Be7 8. Ngf3
Qc7 9. c4 Nb4 10. Qb1 Bd6 11. cxd5 Bxd5 12. Nc4 Bxc4 13. dxc4 e4 14. Nd2 Nd3+
15. Ke2 Nxb2 16. Qxb2 Be5 17. Qc2 Bxa1 18. Rxa1 O-O-O 19. Nxe4 Nxe4 20. Qxe4
Kb8 21. Rb1 Qd7 22. Qc2 Qg4+ 23. Bf3 Qg6 24. Be4 Qf6 25. b4 cxb4 26. Rxb4 Rd7
27. Qb1 Qa6 28. Kf3 g6 29. Qb2 Re8 30. Bd5 Rd6 31. Rxb7+ Kc8 32. Rb8+ Kd7 33.
Rb7+ Kc8 34. Rxf7 Qb6 35. Qg7 Red8 36. Rb7 Rxd5 37. Rxb6 Rf5+ 38. Ke2 axb6 39.
Qxh7 Ra5 40. Qxg6 Rxa2+ 41. Kf1 Rdd2 42. Qc6+ Kd8 43. Qxb6+ Kd7 44. e4 1-0